| 000 | 00341 a2200145 4500 | ||
|---|---|---|---|
| 020 | _a9695035302 | ||
| 082 | _a928 | ||
| 090 |
_c7165 _d7165 |
||
| 100 | _aMumtaz, Mufti | ||
| 245 |
_aAlukh Nagri _cMumtaz, Mufti |
||
| 260 |
_aLahore _bAl-Faisal Nashran _c2010 |
||
| 300 |
_a848 p. _b;ill. _c25 cm. |
||
| 650 | _a1. Sawaneh | ||
| 942 |
_cBK _k928 MUM |
||
| 999 |
_c10969 _d10969 |
||